Not Enough Nelsons Family Quiz - Statistics

General Stats
  • This quiz has been taken 4,583 times
  • The average score is 16 of 19
Answer Stats
Hint Answer % Correct
Oldest daughter Kennadee
90%
Oldest son Bridger
89%
Mother Tiffany
89%
Father Benji
88%
2nd daughter Kassadee
88%
3rd son Luke
88%
2nd son Trey
88%
8th daughter Paislee
86%
10th daughter Preslee
86%
5th son Ledger
85%
5th daughter Lilee
85%
7th daughter Nayvee
85%
3rd daughter Journee
84%
6th daughter Saidee
84%
4th son Beckham
83%
4th daughter Jaine
81%
Son in law Josh
79%
11th daughter Ellecee
78%
9th daughter Delaynee
77%
No matching quizzes found
Score Distribution
Percent of People with Each Score
Percentile by Number Answered
Your Score History
You have not taken this quiz